000 00407 a2200121 4500
001 ART_10012
005 20260410161839.0
008 260409a
245 1 0 _aLa identificación, segregación y tratamiento contable de los sobreprecios
100 1 _aGarcía, Sergio O.
700 1 _aMattera, Miguel A.
773 0 _tContabilidad y administración
_g- Año 7, Nº 79 (ene. 1984)
_wREV5485
999 _c23957
_d23957